000 01381cad a22002295a 4500
001 L149764
008 100421s2010 xxkd f s 000 0 eng d
035 _a(Sirsi) u149764
041 0 _aeng
050 0 4 _a333.33 $2 18
110 2 _aCB Richard Ellis
_93675
245 0 0 _aCBRE UK prime rent and yield monitor
_bquarter 1 2010
_h[electronic resource]
260 _aLondon
_bCBRE
_c2010
490 0 _aCB Richard Ellis UK Prime Rent and Yield Monitor
_vFirst Quarter 2010
520 _aPrime rents rose by 0.6% in the first quarter 2010 after stabilising in the last quarter 2009. Central London offices' rents grew by 6% over Q1. However All Property prime rents fell over the year by 5% with the shops sector faring worst. Prime yields strengthened by 25 basis points (bp) in Q1, taking the All Property prime yield to 6.4%. UK commercial property investment in Q1 with only £4.7bn transacted, highlighting the shortage of good quality stock on the market. The property/gilt yield gap narrowed to 240 bp in Q1 2010 from a peak of 460bp in Q1 2009.
590 _aKA NTK
650 2 4 _aCB RICHARD ELLIS UK PRIME RENT AND YIELD INDEX
651 4 _aUnited Kingdom
_y
690 _aPROPERTY-COMMERCIAL PROPERTY-COMMERCIAL PROPERTY MARKET
856 4 0 _uhttps://www.cbre.co.uk/uk_en/news_events/news_detail?p_id=4672
_zView the report free of charge at www.cbre.co.uk
942 _n0
999 _c110619
_d110619